Fr. Conceicao Rodrigues College of Engineering

EXERCISE WORK BOOK FOR ADVANCED AUTOCAD 2006 (Record no. 23278)

MARC details
000 -LEADER
fixed length control field 00307nam a2200133Ia 4500
082 ## - DEWEY DECIMAL CLASSIFICATION NUMBER
Classification number 006.6/SHR
100 ## - MAIN ENTRY--PERSONAL NAME
Personal name SHROCK/CHERYL/R.
245 ## - TITLE STATEMENT
Title EXERCISE WORK BOOK FOR ADVANCED AUTOCAD 2006
260 ## - PUBLICATION, DISTRIBUTION, ETC.
Name of publisher, distributor, etc. NEW AGE INTL.PUBL
Place of publication, distribution, etc. New Delhi
366 ## - TRADE AVAILABILITY INFORMATION
Publishers's discount category 20
546 ## - LANGUAGE NOTE
Language note ENGLISH
654 ## - SUBJECT ADDED ENTRY--FACETED TOPICAL TERMS
Focus term AUTOCAD
942 ## - ADDED ENTRY ELEMENTS (KOHA)
Koha item type BOOK
Holdings
Withdrawn status Lost status Damaged status Not for loan Collection Home library Current library Date acquired Source of acquisition Cost, normal purchase price Inventory number Total Checkouts Full call number Barcode Date last seen Cost, replacement price Price effective from Koha item type
        AFT Fr. Agnel's C.Rodrigues College of Engineering Fr. Agnel's C.Rodrigues College of Engineering 17/03/2023 Professional Book house 236.00 525/DT.01/03/2008   006.6/SHR AFT8032 17/03/2023 295.00   BOOK